| 000 | 00374nam a2200157Ia 4500 | ||
|---|---|---|---|
| 008 | 160316s1981 xxu||||| |||| 00| 0 eng d | ||
| 082 |
_a340.420000 _bPAD |
||
| 100 | _aPadfield Colin F | ||
| 245 | _aLaw made simple | ||
| 250 | _a6th | ||
| 260 |
_aLondon _bHeineman _c1981 |
||
| 300 |
_a424p. _b20 cm _cxvi |
||
| 365 | _b | ||
| 650 | _a1. English Laws | ||
| 700 |
_aSmith F E _a |
||
| 999 |
_c2940 _d2940 |
||